000 00518nam a2200169Ia 4500
003 GCL
008 140319s9999 xx 000 0 ara d
040 _aGCL /
_cGCL
082 0 4 _a214.27
_bو م
100 1 _aوليم سليمان قلادة
245 1 0 _aالمسيحية والاسلام فى مصر ودراسات اخرى /
_cوليم سليمان قلادة
300 _a302 ص
490 _a
650 0 4 _aالاسلام والمسيحية
650 0 4 _aالمسيحية والاسلام
942 _2ddc
_cBK
999 _c44301
_d44301